000
00295nam a2200121Ia 4500
008
190216s9999||||xx |||||||||||||| ||und||
100
_a
Sreenarayanan Mavoor
245
0
_a
Malayalamnovel-Kakkappula
260
_b
Current Books
_c
1988
300
_a
306p
650
_a
Malayalam Novel
942
_c
BK
999
_c
26582
_d
26582